Italy National Football Team: Top 30 Most Capped Players - Statistics

General Stats
  • This quiz has been taken 768 times
  • The average score is 14 of 30
Answer Stats
Caps Players % Correct
163 Gianluigi Buffon
97%
126 Paolo Maldini
92%
91 Alessandro Del Piero
86%
116 Andrea Pirlo
85%
136 Fabio Cannavaro
82%
90 Giorgio Chiellini
80%
107 Daniele De Rossi
78%
78 Alessandro Nesta
75%
60 Dino Baggio
73%
63 Leonardo Bonucci
73%
73 Gennaro Gattuso
67%
112 Dino Zoff
66%
81 Franco Baresi
63%
98 Gianluca Zambrotta
58%
63 Andrea Barzagli
51%
78 Gaetano Scirea
29%
81 Giuseppe Bergomi
29%
81 Marco Tardelli
27%
70 Alessandro Mazzola
24%
94 Giacinto Facchetti
24%
71 Claudio Gentile
20%
73 Antonio Cabrini
19%
79 Demetrio Albertini
19%
61 Alessandro Altobelli
17%
63 Roberto Donadoni
17%
64 Francesco Graziani
11%
63 Riccardo Montolivo
11%
73 Giancarlo Antognoni
10%
63 Franco Causio
9%
66 Tarcisio Burgnich
7%
No matching quizzes found
Score Distribution
Percent of People with Each Score
Percentile by Number Answered
Your Score History
You have not taken this quiz